|
|
|
|
| LEADER |
00000cam a2200000 7i4500 |
| 001 |
0000004118 |
| 005 |
20151222.0 |
| 008 |
070724 |
| 020 |
|
|
|a 9830233960(set)
|
| 020 |
|
|
|a 9830233979
|
| 090 |
0 |
0 |
|a JF
|b ENG
|
| 245 |
1 |
0 |
|a The cruel stepmother
|c retold by Yulis Haji Alwi
|
| 260 |
|
|
|a Selangor :
|b Pustaka Cita Tinggi ,
|c 2004
|
| 440 |
|
|
|a Ancient tales for today's teens
|
| 500 |
|
|
|a Children ages 10-12 years old (pink)
|
| 650 |
|
0 |
|a Fairy tales
|
| 650 |
|
0 |
|a Junior fiction
|x English
|x Languages
|
| 700 |
0 |
|
|a Yulis Haji Alwi
|
| 999 |
|
|
|a 0000004456
|b Book
|c Children Collection
|e Cawangan Taman Universiti
|
| 999 |
|
|
|a 0000004457
|b Book
|c Children Collection
|e Cawangan Taman Universiti
|
| 999 |
|
|
|a 0000004458
|b Book
|c Children Collection
|e Cawangan Taman Universiti
|
| 999 |
|
|
|a 0000004459
|b Book
|c Children Collection
|e Cawangan Taman Universiti
|
| 999 |
|
|
|a 0000929921
|b Book
|c Children Collection
|e Cawangan Tangkak
|
| 999 |
|
|
|a 0000929923
|b Book
|c Children Collection
|e Cawangan Tangkak
|
| 999 |
|
|
|a 0000972384
|b Book
|c Children Collection
|e Cawangan Kota Tinggi
|
| 999 |
|
|
|a 0000972386
|b Book
|c Children Collection
|e Cawangan Segamat
|
| 999 |
|
|
|a 0000972387
|b Book
|c Children Collection
|e Cawangan Sri Merlong
|
| 999 |
|
|
|a 0000972388
|b Book
|c Children Collection
|e Cawangan Pontian
|